00488nam a2200157 i 450000100060000000300090000600500170001500700030003200800410003510000300007624500700010625000790017626000320025530000200028785200230030781472ES-MaACL20230906174437.0t|041104s1930 sp ||||1| spa d1 aHuarte de San Juan, Juan.10aExamen de ingenios para las ciencias / cJuan Huarte de San Juan. aEd. comparada de la Príncipe (Baesa 1575) y Sub-Príncipe (Baesa 1594). aMadrid : bLa Rafa, c1930. a2 v. ; c24 cm. aES-MaACLjA-201-02